| 000 | 01081cam a2200289 a 4500 | ||
|---|---|---|---|
| 001 | 13981080 | ||
| 003 | OSt | ||
| 005 | 20230621121147.0 | ||
| 008 | 050525s2005 ke b 000 0 eng | ||
| 010 | _a 2005328395 | ||
| 020 | _a9966958029 | ||
| 040 |
_aDLC _cDLC |
||
| 042 | _alcode | ||
| 043 | _af-ke--- | ||
| 082 |
_a328.24 _bICJ |
||
| 245 | 0 | 0 |
_aReporting under international human rights conventions : _bConvention on the Elimination of All Forms of Discrimination against Women (CEDAW). |
| 260 |
_aNairobi, Kenya : _bKenyan Section of the International Commission of Jurists, _c2005. |
||
| 300 |
_a144 p. ; _c30 cm. |
||
| 504 | _aIncludes bibliographical references. | ||
| 630 | 0 | 0 |
_aConvention on the Elimination of All Forms of Discrimination against Women _d(1980) |
| 650 | 0 |
_aWomen's rights _zKenya. |
|
| 650 | 0 |
_aWomen _xLegal status, laws, etc. _zKenya. |
|
| 710 | 2 |
_aInternational Commission of Jurists (1952- ). _bKenya Section. |
|
| 906 |
_a7 _bcbc _corigode _d3 _encip _f20 _gy-gencatlg |
||
| 942 |
_2ddc _cBK |
||
| 999 |
_c2149 _d2149 |
||